MARC details
| 000 -LÍDER |
| campo de controle de tamanho fixo |
01099naa a22003137a 4500 |
| 001 - NÚMERO DE CONTROLE |
| campo de controle |
BR5900044 |
| 003 - IDENTIFICADOR DO NÚMERO DE CONTROLE |
| campo de controle |
BR-BrBNA |
| 005 - DATA E HORÁRIO DA ÚLTIMA TRANSAÇÃO |
| campo de controle |
20240918172843.0 |
| 007 - CAMPO FIXO DE DESCRIÇÃO FÍSICA--INFORMAÇÃO GERAL |
| campo de controle de tamanho fixo |
ta |
| 008 - CAMPO DE DADOS FIXOS--INFORMAÇÃO GERAL |
| campo de controle de tamanho fixo |
230509b bl.||||| |||| 00| 0 por d |
| 040 ## - FONTE DA CATALOGAÇÃO |
| Instituição da catalogação original |
BR-BrBNA |
| Idioma da catalogação |
por |
| Instituição que transcreveu o registro |
Biblioteca Nacional de Agricultura |
| 041 ## - CÓDIGO DE IDIOMA |
| Código do idioma do texto/trilha sonora ou título diferente |
(Pt) |
| 072 ## - CÓDIGO DE CATEGORIA DE ASSUNTO |
| Código de Categoria de Assunto |
E10; C00 |
| 090 ## - NÚMERO DE CHAMADA LOCAL |
| Número de chamada |
E10 BR5900044 |
| 100 1# - ENTRADA PRINCIPAL--NOME PESSOAL |
| Nome pessoal |
Novais, P. |
| 111 1# - ENTRADA PRINCIPAL--NOME DO EVENTO |
| Nome do evento ou lugar |
Seminario para o Desenvolvimento do Nordeste |
| Local do evento |
Garanhuns, PE (Brazil) |
| Data do evento ou assinatura do tratado |
25 Apr 1959 |
| 245 1# - TÍTULO |
| Título |
Promocao do espirito empresarial e preparo da mao de obra |
| 260 3# - PUBLICAÇÃO, DISTRIBUIÇÃO, ETC. |
| Local de publicação, distribuição, etc. |
Rio de Janeiro, GB (Brasil): |
| Data da publicação, distribuição, etc. |
1959. |
| 500 ## - NOTA GERAL |
| Nota geral |
Anais do Seminario para o Desenvolvimento do Nordeste<br/>Rio de Janeiro, GB (Brasil): 1959. p. 390-399<br/>(BR5900044-AM)E10<br/> |
| 650 ## - ASSUNTO--TERMO TÓPICO |
| Cabeçalho tópico ou nome geográfico |
Macroeconomia |
| 650 ## - ASSUNTO--TERMO TÓPICO |
| Cabeçalho tópico ou nome geográfico |
Educacao |
| 650 ## - ASSUNTO--TERMO TÓPICO |
| Cabeçalho tópico ou nome geográfico |
Mao-de-obra |
| 650 ## - ASSUNTO--TERMO TÓPICO |
| Cabeçalho tópico ou nome geográfico |
Administracao de empresa |
| 650 ## - ASSUNTO--TERMO TÓPICO |
| Cabeçalho tópico ou nome geográfico |
Salario |
| 650 ## - ASSUNTO--TERMO TÓPICO |
| Cabeçalho tópico ou nome geográfico |
Ensino |
| 773 0# - ENTRADA ANALÍTICA |
| Título |
Anais do Seminario para o Desenvolvimento do Nordeste |
| Edição |
|
| Número de controle do registro |
E10 BR5900044 |
| Partes relacionadas |
Rio de Janeiro, GB (Brasil), 1959. p. 390-399 |
| 909 ## - |
| -- |
202404 |
| -- |
Lucia |
| -- |
55 |
| -- |
Lucia Elande |
| 942 ## - ELEMENTOS DE ENTRADA ADICIONADOS (KOHA) |
| Tipo de material Koha |
Capítulo-Livro |
| Fonte da classificação ou esquema de arquivamento na estante |
Classificação AGRIS |